000 00441nam a2200205Ia 4500
001 084499
003 YMCAF
005 20230512161455.0
008 100717s9999 ||||||||||||||||| ||und|d
024 _a84499
035 _a23959
040 _aYMCAF
_beng
_cIN-KoLT
041 _aeng
082 _a621.381
_b548 GOL
100 _aGolding, E W
245 0 _aElectrical measurement
260 _bELBS
_c-
300 _a913
942 _2ddc
_cBK
999 _c8865
_d8865